|
|
|
|
| LEADER |
00000cam a22000002ca4500 |
| 001 |
1139224549 |
| 003 |
DE-627 |
| 005 |
20220611144036.0 |
| 007 |
tu |
| 008 |
981009n19uuuuuuxx ||||| b 00| ||und c |
| 035 |
|
|
|a (DE-627)1139224549
|
| 035 |
|
|
|a (DE-576)069224544
|
| 035 |
|
|
|a (DE-599)BSZ069224544
|
| 035 |
|
|
|a (DE-604)8039221792
|
| 040 |
|
|
|a DE-627
|b ger
|c DE-627
|e rakwb
|
| 084 |
|
|
|a BN 1450
|2 rvk
|0 (DE-625)rvk/13029:
|
| 084 |
|
|
|a CB 1200
|2 rvk
|0 (DE-625)rvk/17575:
|
| 100 |
1 |
|
|0 (DE-588)120094053
|0 (DE-627)08044217X
|0 (DE-576)162876416
|4 aut
|a Schadel, Erwin
|d 1946-2016
|
| 109 |
|
|
|a Schadel, Erwin 1946-2016
|
| 245 |
1 |
0 |
|a Bibliotheca trinitariorum
|b internationale Bibliographie trinitarischer Literatur
|c hrsg. von Erwin Schadel
|
| 264 |
|
1 |
|a Paris [u.a.]
|b Saur
|c 19XX-
|
| 336 |
|
|
|a Text
|b txt
|2 rdacontent
|
| 337 |
|
|
|a ohne Hilfsmittel zu benutzen
|b n
|2 rdamedia
|
| 338 |
|
|
|a Band
|b nc
|2 rdacarrier
|
| 500 |
|
|
|a Erschienen: Bd. 1 (1984) bis Bd. 2 (1988)
|
| 601 |
|
|
|a Literatur
|
| 655 |
|
7 |
|a Bibliografie
|0 (DE-588)4006432-3
|0 (DE-627)104814519
|0 (DE-576)208865578
|2 gnd-content
|
| 689 |
0 |
0 |
|d s
|0 (DE-588)4060909-1
|0 (DE-627)106137859
|0 (DE-576)209137223
|2 gnd
|a Trinität
|
| 689 |
0 |
|
|5 (DE-627)
|
| 935 |
|
|
|a mteo
|
| 936 |
r |
v |
|a BN 1450
|b Bibliografien
|k Theologie und Religionswissenschaften
|k Dogmatik und Dogmengeschichte
|k Allgemeines
|k Bibliografien
|0 (DE-627)1270734962
|0 (DE-625)rvk/13029:
|0 (DE-576)200734962
|
| 936 |
r |
v |
|a CB 1200
|b Philosophische Fachbibliografien
|k Philosophie
|k Allgemeines
|k Bibliografien
|k Philosophische Fachbibliografien
|0 (DE-627)1270638467
|0 (DE-625)rvk/17575:
|0 (DE-576)200638467
|
| 951 |
|
|
|a MC
|
| ELC |
|
|
|b 1
|
| ORI |
|
|
|a SA-MARC-ixtheo_oa001.raw
|
| STA |
0 |
0 |
|a Trinity,Trinity,Trinity in literature
|
| STB |
0 |
0 |
|a Trinité,Trinité
|
| STC |
0 |
0 |
|a Trinidad,Trinidad
|
| STD |
0 |
0 |
|a Trinità,Trinità
|
| STE |
0 |
0 |
|a 三位一体,三位一体
|
| STF |
0 |
0 |
|a 三位一體,三位一體
|
| STG |
0 |
0 |
|a Trindade,Trindade
|
| STH |
0 |
0 |
|a Троица (мотив),Троица
|
| STI |
0 |
0 |
|a Τριάδα (μοτίβο),Τριάδα
|
| SYG |
0 |
0 |
|a Dreieinigkeit,Dreifaltigkeit,Dreiheit
|